000 00445nam a22001691a 4500
001 6850
003 OSt
005 20260204212106.0
008 060807s1983||||dr ||||||b||||||||||spa||
050 _aRD 330.122 G586e
100 _aGómez Cerda, José
245 _aEl capitalismo frente a los trabajadores / José Gómez Cerda
264 _aSanto Domingo : Visión
300 _a253 p
650 _a1.Capitalismo 2.EconomíaÌ
942 _2ddc
_cBK
999 _c6850
_d6850